000
00282nam a22001337a 4500
008
170504b xxu||||| |||| 00| 0 eng d
020
_a
9781256439356
041
_a
eng
080
_a
34
100
_a
13
101
_a
SHJ
245
_a
GOOD REASIONS
_c
FAIGLEY.L
942
_2
udc
_c
BK
999
_c
12628
_d
12628